[Event "Swiss Queens Wed #6"]
[Site "FIDE Online Arena INT"]
[Date "2024.03.06"]
[Round "5"]
[White "Samaganova, Alexandra"]
[Black "Ismayil, Malak"]
[Result "0-1"]
[WhiteElo "1915"]
[BlackElo "2200"]
[PlyCount "108"]
[EventDate "2024.03.06"]
[EventType "swiss (blitz)"]
[EventRounds "11"]
[EventCountry "NET"]
[SourceTitle "CB11_2024"]
[SourceDate "2024.03.13"]
[SourceVersion "1"]
[SourceVersionDate "2024.03.13"]
[SourceQuality "1"]

1. c4 e5 2. Nc3 Nf6 3. Nf3 Nc6 4. a3 Be7 5. e3 0-0 6. b4 d6 7. b5 Nb8 8. Be2 Bg4 9. h3 Bh5 10. 0-0 Nbd7 11. d4 h6 12. a4 Bg6 13. a5 a6 14. Bd2 Re8 15. Qb3 Ne4 16. Nxe4 Bxe4 17. Bc3 Bf6 18. Nd2 Bg6 19. Bf3 Rb8 20. Be4 exd4 21. Bxg6 dxc3 22. c5 Rf8 23. Ne4 Nxc5 24. Nxc5 dxc5 25. Rfd1 Qe7 26. Rac1 axb5 27. Bb1 b4 28. Qc2 g6 29. Ba2 Rfd8 30. Qxg6+ Bg7 31. Qf5 Rd6 32. Bb1 Rbd8 33. Rxd6 Qxd6 34. Ba2 Qd7 35. Qxc5 Bf8 36. Qh5 c5 37. g3 Qe7 38. h4 Qf6 39. Qg4+ Bg7 40. Rc2 Qe5 41. Bc4 Qd6 42. Kh2 Qd7 43. Qg6 Kf8 44. Qh5 Qe7 45. Qf3 Rd7 46. a6 bxa6 47. Bxa6 Qf6 48. Qa8+ Rd8 49. Qb7 h5 50. Bc4 Qe7 51. Qf3 Rd2 52. Rc1 Qf6 53. Qa8+ Rd8 54. Qg2 Qf5 0-1

[Event "Swiss Queens Wed #5"]
[Site "FIDE Online Arena INT"]
[Date "2024.02.28"]
[Round "9"]
[White "Gomez Barrera, Javiera Belen"]
[Black "Ismayil, Malak"]
[Result "1-0"]
[WhiteElo "2217"]
[BlackElo "2200"]
[PlyCount "113"]
[EventDate "2024.02.28"]
[EventType "swiss (blitz)"]
[EventRounds "11"]
[EventCountry "NET"]
[SourceTitle "CB10_2024"]
[SourceDate "2024.03.06"]
[SourceVersion "1"]
[SourceVersionDate "2024.03.06"]
[SourceQuality "1"]

1. e4 e5 2. Nf3 Nc6 3. Bb5 a6 4. Ba4 Nf6 5. Qe2 b5 6. Bb3 Be7 7. c3 0-0 8. 0-0 d6 9. Rd1 h6 10. d3 Re8 11. Nbd2 Bf8 12. Nh4 Be6 13. Bc2 d5 14. Nhf3 Bg4 15. h3 Bh5 16. Nf1 d4 17. g4 Bg6 18. Ng3 Qd7 19. Nh4 Rad8 20. Nhf5 Bxf5 21. Nxf5 Kh7 22. Qf3 Ng8 23. g5 g6 24. Nxh6 Nxh6 25. gxh6 Bxh6 26. Bxh6 Kxh6 27. Bb3 Kg7 28. Bd5 Rh8 29. Kg2 Rh4 30. a4 Rdh8 31. Rh1 Rf4 32. Qg3 Ne7 33. Bb3 c5 34. axb5 Qxb5 35. Bc4 Qxb2 36. cxd4 Qxd4 37. Rxa6 Rh5 38. h4 Qd7 39. Kf1 Qb7 40. Kg2 Qd7 41. f3 Qb7 42. Qf2 Qc7 43. Kf1 Ng8 44. Ke2 Nf6 45. Rha1 Rfxh4 46. Ra7 Qxa7 47. Rxa7 Rh2 48. Rxf7+ Kh6 49. Rxf6 Rxf2+ 50. Kxf2 Kg5 51. Rf8 Rh2+ 52. Ke3 Rc2 53. Re8 Kf6 54. Re6+ Kg7 55. Rxe5 Kf6 56. Rxc5 g5 57. e5+ 1-0

[Event "Swiss Queens Wed #5"]
[Site "FIDE Online Arena INT"]
[Date "2024.02.28"]
[Round "10"]
[White "Ismayil, Malak"]
[Black "Vifleemskaia, Svetlana"]
[Result "1-0"]
[WhiteElo "2200"]
[BlackElo "1903"]
[PlyCount "71"]
[EventDate "2024.02.28"]
[EventType "swiss (blitz)"]
[EventRounds "11"]
[EventCountry "NET"]
[SourceTitle "CB10_2024"]
[SourceDate "2024.03.06"]
[SourceVersion "1"]
[SourceVersionDate "2024.03.06"]
[SourceQuality "1"]

1. e4 e5 2. Nf3 Nc6 3. Bc4 Nf6 4. d3 Be7 5. 0-0 0-0 6. Nc3 d6 7. h3 a6 8. Bg5 b5 9. Bb3 Be6 10. Re1 h6 11. Bxf6 Bxf6 12. Bd5 Bxd5 13. Nxd5 g6 14. c3 Bg7 15. d4 Re8 16. Rc1 Na5 17. b3 c6 18. Nb4 c5 19. Nd5 Nc6 20. dxc5 dxc5 21. Qd2 c4 22. bxc4 bxc4 23. Qe2 Na5 24. Red1 Rb8 25. Ne3 Qc7 26. Rd5 Rb5 27. Rcd1 Reb8 28. R1d2 Bf6 29. Rd7 Qc6 30. R7d6 Qxe4 31. Rxf6 Kg7 32. Rxa6 Re8 33. Nc2 Qf5 34. Nb4 e4 35. Nd4 Qc8 36. Nxb5 1-0

[Event "Swiss Queens Wed #3"]
[Site "FIDE Online Arena INT"]
[Date "2024.02.14"]
[Round "4"]
[White "Duarte Cramer, Lily Jeanette"]
[Black "Ismayil, Malak"]
[Result "0-1"]
[WhiteElo "1429"]
[BlackElo "2200"]
[PlyCount "54"]
[EventDate "2024.02.14"]
[EventType "swiss (blitz)"]
[EventRounds "11"]
[EventCountry "NET"]
[SourceTitle "CB08_2024"]
[SourceDate "2024.02.21"]
[SourceVersion "1"]
[SourceVersionDate "2024.02.21"]
[SourceQuality "1"]

1. b3 e6 2. Bb2 d5 3. Nf3 Nf6 4. e3 Be7 5. d3 0-0 6. Be2 c5 7. 0-0 Nc6 8. Nbd2 b6 9. c4 Bb7 10. Qc2 Rc8 11. Rac1 Re8 12. cxd5 exd5 13. d4 Ne4 14. Nxe4 dxe4 15. dxc5 exf3 16. Bxf3 bxc5 17. Rfd1 Qc7 18. Qf5 Bf8 19. Qg4 Rcd8 20. Rxd8 Rxd8 21. Rxc5 Qd7 22. Qxd7 Rxd7 23. h3 Bxc5 24. Bxc6 Bxc6 25. a3 Rd1+ 26. Kh2 Bd6+ 27. g3 Rh1# 0-1

[Event "Titled Tuesday intern op 13th Feb Early"]
[Site "Chess.com INT"]
[Date "2024.02.13"]
[Round "4"]
[White "Ismayil, Malak"]
[Black "Carrasco Miranda, Andres"]
[Result "1-0"]
[WhiteElo "2200"]
[BlackElo "2234"]
[PlyCount "115"]
[EventDate "2024.02.13"]
[EventType "swiss (blitz)"]
[EventRounds "11"]
[EventCountry "USA"]
[SourceTitle "CB08_2024"]
[SourceDate "2024.02.21"]
[SourceVersion "1"]
[SourceVersionDate "2024.02.21"]
[SourceQuality "1"]

1. e4 e5 2. Nf3 Nc6 3. Bc4 Bc5 4. d3 Nf6 5. 0-0 d6 6. h3 a5 7. Nc3 h6 8. Be3 g5 9. Nh2 Rg8 10. Bxc5 dxc5 11. f3 h5 12. Qd2 Be6 13. Bxe6 fxe6 14. Qf2 Qd4 15. Nb5 Qxf2+ 16. Rxf2 0-0-0 17. Nf1 Ne7 18. Ne3 Ng6 19. Nc4 c6 20. Nbd6+ Kc7 21. Nf7 Rdf8 22. Nfxe5 Nxe5 23. Nxe5 b5 24. Raf1 Kd6 25. d4 cxd4 26. Nd3 e5 27. a4 c5 28. axb5 c4 29. Nc1 Rb8 30. b3 Rgc8 31. bxc4 Rxc4 32. Nb3 Rxb5 33. Ra1 a4 34. Nd2 Rxc2 35. Rxa4 g4 36. Nc4+ Rxc4 37. Rxc4 g3 38. Rfc2 h4 39. Rc6+ Ke7 40. Kf1 Nh5 41. R6c5 Rb1+ 42. Rc1 Rxc1+ 43. Rxc1 Nf4 44. Rc5 Kd6 45. Ra5 Nd3 46. Ra6+ Kc5 47. Rh6 Nf4 48. Rxh4 d3 49. Rxf4 exf4 50. Ke1 Kd4 51. Kd2 Kc4 52. h4 Kd4 53. h5 Ke5 54. Kxd3 Kf6 55. Kd4 Kg5 56. e5 Kxh5 57. Ke4 Kg5 58. Kd5 1-0

[Event "Titled Tuesday intern op 13th Feb Early"]
[Site "Chess.com INT"]
[Date "2024.02.13"]
[Round "6"]
[White "Ismayil, Malak"]
[Black "Fakhretdinova, Margarita"]
[Result "1-0"]
[WhiteElo "2200"]
[BlackElo "2153"]
[PlyCount "155"]
[EventDate "2024.02.13"]
[EventType "swiss (blitz)"]
[EventRounds "11"]
[EventCountry "USA"]
[SourceTitle "CB08_2024"]
[SourceDate "2024.02.21"]
[SourceVersion "1"]
[SourceVersionDate "2024.02.21"]
[SourceQuality "1"]

1. e4 c5 2. Nf3 d6 3. Bb5+ Bd7 4. Bxd7+ Qxd7 5. 0-0 Nc6 6. c4 g6 7. d4 cxd4 8. Nxd4 Bg7 9. Be3 Nf6 10. Nc3 Ng4 11. h3 Nxe3 12. fxe3 Ne5 13. b3 0-0 14. Rc1 Rac8 15. Nd5 Qd8 16. Qd2 e6 17. Nc3 a6 18. Rfd1 Qe7 19. Nde2 Rfd8 20. Rf1 Qg5 21. Kh1 Bh6 22. Nf4 Qg3 23. Rcd1 Rd7 24. Nce2 Qh4 25. Nd4 Rcd8 26. Qf2 Qe7 27. Rd2 Nc6 28. Rfd1 e5 29. Nd5 Qg5 30. Nf6+ Kg7 31. Nxc6 bxc6 32. Nxd7 Rxd7 33. Rxd6 Rxd6 34. Rxd6 Qxe3 35. Qxe3 Bxe3 36. Rxc6 f5 37. exf5 gxf5 38. Rxa6 Bd4 39. g3 h5 40. Kg2 h4 41. gxh4 e4 42. Rd6 Be5 43. Re6 Bf6 44. h5 Kf7 45. Rxf6+ Kxf6 46. c5 Ke5 47. h6 f4 48. h7 f3+ 49. Kf2 Kf4 50. h8Q e3+ 51. Kf1 Kg3 52. Qg7+ Kf4 53. Qf6+ Ke4 54. Qe6+ Kf4 55. Qxe3+ Kxe3 56. c6 Kf4 57. c7 Ke3 58. c8Q Kf4 59. Qg4+ Ke3 60. Qxf3+ Kxf3 61. b4 Ke4 62. h4 Kd5 63. h5 Ke5 64. h6 Kf6 65. b5 Kg6 66. b6 Kxh6 67. b7 Kg5 68. b8Q Kf5 69. a4 Ke4 70. a5 Kd3 71. a6 Ke4 72. a7 Kf5 73. a8Q Ke6 74. Qe4+ Kf6 75. Qf8+ Kg5 76. Qg2+ Kh5 77. Qf5+ Kh6 78. Qgg5# 1-0

[Event "Titled Tuesday intern op 13th Feb Early"]
[Site "Chess.com INT"]
[Date "2024.02.13"]
[Round "2"]
[White "Ismayil, Malak"]
[Black "Merriman, John"]
[Result "1-0"]
[WhiteElo "2200"]
[BlackElo "2251"]
[PlyCount "63"]
[EventDate "2024.02.13"]
[EventType "swiss (blitz)"]
[EventRounds "11"]
[EventCountry "USA"]
[SourceTitle "CB08_2024"]
[SourceDate "2024.02.21"]
[SourceVersion "1"]
[SourceVersionDate "2024.02.21"]
[SourceQuality "1"]

1. e4 c5 2. Nf3 e6 3. c3 d5 4. exd5 Qxd5 5. Be2 Nf6 6. 0-0 Nc6 7. d4 Be7 8. Be3 0-0 9. dxc5 Rd8 10. Qxd5 Nxd5 11. Bd4 f6 12. Bc4 e5 13. Bxd5+ Rxd5 14. Be3 Bxc5 15. c4 Rd4 16. Bxd4 Nxd4 17. Nxd4 Bxd4 18. Nc3 Be6 19. Rfd1 Bxc4 20. Rac1 Be6 21. b3 Bg4 22. Re1 Rd8 23. h3 Bh5 24. g4 Bg6 25. Nb5 Bb6 26. Red1 Rxd1+ 27. Rxd1 a6 28. Nd6 Kf8 29. Nxb7 Ke7 30. Nd6 Bc2 31. Nc8+ Ke8 32. Rc1 1-0